00681nam a2200241 a 4500001001300000003000900013005001700022008004100039020000900080082001700089100001700106245003400123260003500157300000900192500003500201505002400236650001600260700001700276902000800293942000700301952011600308999001500424nice12345678IN_TiNIC20260116012405.0050524s1982 dela grp 000 0 eng  ac8000a891.41bSHA5 aShawq, Mirza aZahr-I-Ishq Or Poison of Love aDelhibD.K. Publicationsc1982 a140p aincludes index and biblioraphy2 aIndex, Bibliography aUrdu-Poetry1 aShawq, Mirza bSRS cBK 001040708StackRoom-aHMIbHMId2007-06-21g80.00l0o891.41 SHA5p011214r2007-06-21v80.00w2005-05-24yBK c6829d6829